<?xml version="1.0" encoding="UTF-8"?><?xml-stylesheet type="text/xsl" href="static/style.xsl"?><OAI-PMH xmlns="http://www.openarchives.org/OAI/2.0/" xmlns:xsi="http://www.w3.org/2001/XMLSchema-instance" xsi:schemaLocation="http://www.openarchives.org/OAI/2.0/ http://www.openarchives.org/OAI/2.0/OAI-PMH.xsd"><responseDate>2026-04-14T05:24:12Z</responseDate><request verb="GetRecord" identifier="oai:www.recercat.cat:2117/336288" metadataPrefix="marc">https://recercat.cat/oai/request</request><GetRecord><record><header><identifier>oai:recercat.cat:2117/336288</identifier><datestamp>2025-07-17T15:36:44Z</datestamp><setSpec>com_2072_1033</setSpec><setSpec>col_2072_452951</setSpec></header><metadata><record xmlns="http://www.loc.gov/MARC21/slim" xmlns:dcterms="http://purl.org/dc/terms/" xmlns:xsi="http://www.w3.org/2001/XMLSchema-instance" xmlns:doc="http://www.lyncode.com/xoai" xsi:schemaLocation="http://www.loc.gov/MARC21/slim http://www.loc.gov/standards/marcxml/schema/MARC21slim.xsd">
   <leader>00925njm 22002777a 4500</leader>
   <datafield ind2=" " ind1=" " tag="042">
      <subfield code="a">dc</subfield>
   </datafield>
   <datafield ind2=" " ind1=" " tag="720">
      <subfield code="a">Tost Ausio, Guillem</subfield>
      <subfield code="e">author</subfield>
   </datafield>
   <datafield ind2=" " ind1=" " tag="260">
      <subfield code="c">2020-07-07</subfield>
   </datafield>
   <datafield ind2=" " ind1=" " tag="520">
      <subfield code="a">L’objecte d’estudi d’aquest projecte és un model computacional a escala d’una turbina Francis situada a la central hidroelèctrica Gento-Sallente.  Partint de les especificacions del prototip real i complint les lleis de semblança, s’han determinat la geometria i les condicions de contorn necessàries per obtenir un model amb un comportament similar al real. El programa utilitzat per configurar i resoldre el model ha estat ANSYS CFX, una branca de la modelització de dinàmica de fluids computacional (CFD). &#xd;
&#xd;
A part del model original, s’ha analitzat també un de nou amb una variant en la geometria de l’estator, en el que un àlep directriu està desviat sis graus. Ambdós models s’han analitzat sense tenir en compte els efectes de la cavitació i amb un mòdul que si que els considera, obtenint així un total de quatre escenaris.&#xd;
&#xd;
En la memòria es recullen les configuracions dels models, els resultats obtinguts i les conclusions extretes sobre les conseqüències que tenen una geometria imperfecte i un model que consideri els efectes de la cavitació. D’ altra banda, també es vol comprovar que els resultats obtinguts en un mateix escenari depenen directament de les condicions de càlcul.</subfield>
   </datafield>
   <datafield tag="653" ind2=" " ind1=" ">
      <subfield code="a">Àrees temàtiques de la UPC::Enginyeria mecànica</subfield>
   </datafield>
   <datafield tag="653" ind2=" " ind1=" ">
      <subfield code="a">Fluid dynamics</subfield>
   </datafield>
   <datafield tag="653" ind2=" " ind1=" ">
      <subfield code="a">Hydroelectric power plants</subfield>
   </datafield>
   <datafield tag="653" ind2=" " ind1=" ">
      <subfield code="a">CFD turbina Francis cavitació àlep</subfield>
   </datafield>
   <datafield tag="653" ind2=" " ind1=" ">
      <subfield code="a">Turbines</subfield>
   </datafield>
   <datafield tag="653" ind2=" " ind1=" ">
      <subfield code="a">Dinàmica de fluids</subfield>
   </datafield>
   <datafield tag="653" ind2=" " ind1=" ">
      <subfield code="a">Centrals hidroelèctriques</subfield>
   </datafield>
   <datafield ind2="0" ind1="0" tag="245">
      <subfield code="a">Estudi de la cavitació en una turbina/bomba</subfield>
   </datafield>
</record></metadata></record></GetRecord></OAI-PMH>